000 01378cam a22003737a 4500
003 CHAP
005 20220329141828.0
008 971124d1996 mx b r 00110 spa d
010 _a74481
011 _a75453
035 _a85017
040 _cCHAP
090 _aTesis
100 0 0 _aLegorreta Díaz, María del Carmen.
_965670
245 1 0 _aPolítica y guerrilla, el caso de las cañadas de la Selva Lacandona (1973-1995)
_c/por María del Carmen Legorreta Díaz
260 _aChapingo, Méx. :
_bEl autor,
_c1997.
300 _a376 h. :
_bmapa
502 _aTesis (M.C. en Desarrollo Rural Regional) -- UACH. Dirección de Centros Regionales Universitarios
590 _aALEPH
_b10
_c20130110
_lUCH01
_h1419
590 _aBATCH-UPD
_b10
_c20130110
_lUCH01
_h0220
590 _aBATCH-UPD
_b10
_c20130110
_lUCH01
_h1146
590 _aBATCH-UPD
_b10
_c20130410
_lUCH01
_h1611
590 _aBATCH-UPD
_b10
_c20130914
_lUCH01
_h1631
590 _aCONVERSION
_b10
_c20130109
_lUCH01
_h1341
650 1 4 _aChiapas
_xPolítica y gobierno.
_922238
650 1 4 _aIndios de Chiapas.
_957593
650 1 4 _aMovimientos sociales
_xChiapas.
_979170
790 0 _aEjercito Zapatista de Liberación Nacional
901 _aBK
905 _aMayto Villalobos S.
942 _cFOLL
949 _bBC
_cTES
_d33724000637153
_eTS2
_fc.2
_h31726
_i85017
_si
949 _bBC
_cTES
_d850171
_eTS1
_h31725
_i85017
_sb
999 _c74481
_d74481